000 00506nam a2200181Ia 4500
001 21103
005 20260306172854.0
008 260306t2005||||xx |||||||||||||| ||spa||
041 _aESP
082 _a344
_bP645
100 _aPiña Rochefort, Juan Ignacio
_eAUT
245 0 _aRol social y sistema de imputación:
_buna aproximación sociológica a la función del derecho penal
260 _c2005
300 _a464 páginas :
_c24 cm.
650 _aGEN
654 _aCDE
942 _cLIB
_dJUS
_fJUS
_2ddc
_n
999 _c21103
_d21103